<?xml version="1.0" encoding="UTF-8"?>
<collection xmlns:xsi="http://www.w3.org/2001/XMLSchema-instance" xsi:schemaLocation="http://www.loc.gov/MARC21/slim http://www.loc.gov/standards/marcxml/schema/MARC21slim.xsd" xmlns="http://www.loc.gov/MARC21/slim">
 <record>
  <leader>00000cam a22000003i 4500</leader>
  <controlfield tag="001">UP-1685594773861817376</controlfield>
  <controlfield tag="003">Buklod</controlfield>
  <controlfield tag="005">20241113042310.0</controlfield>
  <controlfield tag="006">j|||||||||||||| | </controlfield>
  <controlfield tag="007">ta</controlfield>
  <controlfield tag="008">241113s2010    mau     rb   |||1 u|eng d</controlfield>
  <datafield tag="020" ind1=" " ind2=" ">
   <subfield code="a">9781444335439 (pbk : alk. paper)</subfield>
  </datafield>
  <datafield tag="035" ind1=" " ind2=" ">
   <subfield code="a">(iLib)UPBAG-00008224989</subfield>
  </datafield>
  <datafield tag="037" ind1=" " ind2=" ">
   <subfield code="a">BC-60021</subfield>
   <subfield code="c">Php3,496.00</subfield>
  </datafield>
  <datafield tag="040" ind1=" " ind2=" ">
   <subfield code="a">DLC</subfield>
   <subfield code="d">BAG</subfield>
   <subfield code="e">rda</subfield>
  </datafield>
  <datafield tag="041" ind1="0" ind2=" ">
   <subfield code="a">eng</subfield>
  </datafield>
  <datafield tag="090" ind1=" " ind2="0">
   <subfield code="a">BF 637 M45</subfield>
   <subfield code="b">B52</subfield>
  </datafield>
  <datafield tag="245" ind1="0" ind2="4">
   <subfield code="a">The Blackwell handbook of mentoring</subfield>
   <subfield code="b">a multiple perspectives approach</subfield>
   <subfield code="c">edited by Tammy D. Allen [and one other].</subfield>
  </datafield>
  <datafield tag="246" ind1="1" ind2=" ">
   <subfield code="a">Handbook of mentoring</subfield>
  </datafield>
  <datafield tag="264" ind1=" " ind2="1">
   <subfield code="a">Malden, MA</subfield>
   <subfield code="b">Wiley-Blackwell</subfield>
   <subfield code="c">2010.</subfield>
  </datafield>
  <datafield tag="300" ind1=" " ind2=" ">
   <subfield code="a">xxii, 496 pages</subfield>
   <subfield code="c">25 cm</subfield>
  </datafield>
  <datafield tag="336" ind1=" " ind2=" ">
   <subfield code="a">text</subfield>
   <subfield code="2">rdacontent</subfield>
  </datafield>
  <datafield tag="337" ind1=" " ind2=" ">
   <subfield code="a">unmediated</subfield>
   <subfield code="2">rdamedia</subfield>
  </datafield>
  <datafield tag="338" ind1=" " ind2=" ">
   <subfield code="a">volume</subfield>
   <subfield code="2">rdacarrier</subfield>
  </datafield>
  <datafield tag="504" ind1=" " ind2=" ">
   <subfield code="a">Includes bibliographical references (pages 415-463) and indexes.</subfield>
  </datafield>
  <datafield tag="505" ind1="0" ind2=" ">
   <subfield code="a">Introduction -- Overview and introduction / Tammy D. Allen, Lillian T. Eby -- Definition and evolution of mentoring / Lillian T. Eby, Jean Rhodes, Tammy D. Allen -- Theoretical approaches and methodological issues -- Theoretical approaches and methodological issues involving youth mentoring relationships / Thomas E. Keller -- Theoretical approaches and methodological issues involving student-faculty mentoring relationships / W. Brad Johnson, Gail Rose, Lewis Z. Schlosser -- Workplace mentoring: theoretical approaches and methodological issues / Terri A. Scandura, Ekin K. Pellegrini -- Reflections on the theoretical approaches and methodological issues in mentoring relationships / Marcus M. Butts, Jaime R. Durley, Lillian T. Eby -- Naturally occurring mentoring relationships -- Naturally occurring mentoring relationships involving youth / Rene Spencer -- Naturally occurring student-faculty mentoring relationships : a literature review / Carol A. Mullen -- Naturally occurring mentoring relationships involving workplace employees / Thomas W. Dougherty, Daniel B. Turban, Dana l. Haggard -- Reflections on naturally occurring mentoring relationships / Elizabeth Lentz, Tammy D. Allen -- Benefits of mentoring -- The benefits associated with youth mentoring relationships / Lynn Blinn-Pike -- Student-faculty mentorship outcomes / W. Brad Johnson -- The benefits associated with workplace mentoring relationships / Aarti Ramaswami, George F. Dreher -- Reflections on the benefits of mentoring / Angie Lockwood, Sarah C. Evans, Lillian T. Eby -- Diversity and mentoring -- Diversity and youth mentoring relationships / Belle Liang, Jennifer Grossman -- Mentoring in academia : considerations for diverse populations / William E. Sedlacek, Eric Benjamin, Lewis Z. Schlosser, Hung-Bin Sheu -- Diversity and workplace mentoring relationships: a review and positive social capital approach / Belle Rose Ragins -- Reflections on diversity and mentoring / Hazel-Anne M. Johnson, Xian Xu, Tammy D. Allen -- Best practices for formal mentoring programs -- Best practices for formal youth mentoring / Andrew Miller -- Best practices for student-faculty mentoring programs / Clark D. Campbell -- Best practices for workplace formal mentoring programs / Lisa M. Finkelstein, Mark L. Poteet -- Reflections on the best practices for formal mentoring programs / Kimberly E. OBrien, Ozgun Burcu Rodopman, TammyD. Allen -- Integrating multiple mentoring perspectives -- New directions in mentoring / Steve Bearman, Stacy Blake-Beard, Laurie Hunt, Faye Crosby -- Common bonds : an integrative view of mentoring relationships / Tammy Allen Lillian Eby.</subfield>
  </datafield>
  <datafield tag="650" ind1=" " ind2="0">
   <subfield code="a">Mentoring.</subfield>
  </datafield>
  <datafield tag="700" ind1="1" ind2=" ">
   <subfield code="a">Allen, Tammy D.</subfield>
   <subfield code="e">editor.</subfield>
  </datafield>
  <datafield tag="730" ind1="3" ind2=" ">
   <subfield code="a">Handbook of mentoring.</subfield>
  </datafield>
  <datafield tag="905" ind1=" " ind2=" ">
   <subfield code="a">FO</subfield>
  </datafield>
  <datafield tag="852" ind1="0" ind2=" ">
   <subfield code="a">UPBAG</subfield>
   <subfield code="b">UPBAG-MAIN</subfield>
   <subfield code="h">BF 637 M45 B52</subfield>
  </datafield>
  <datafield tag="942" ind1=" " ind2=" ">
   <subfield code="a">Book</subfield>
  </datafield>
 </record>
</collection>
